000 00506nam a2200133Ia 4500
008 100328s9999 xx 000 0 und d
082 _b48518
100 _aकुलकर्णी विनायक
245 _aमाऊलीचे गीता चिंतन
260 _bदास्ताने रामचंद्र आणि कंपनी
630 _aमाऊलीचे गीता चिंतन
730 _aमाऊलीचे गीता चिंतन
942 _cBOOK
999 _c536130
_d536127